Responses for Show #1902 - Tuesday, December 8, 1992

Dennis Donohue game 5.

Contestants

[<< previous game]

Geoff Chanin, an attorney from Highland Mills, New York

Deborah Hardwick, a teacher and caterer from Houston, Texas

Dennis Donohue, an administrative services officer from Litchfield Park, Arizona (whose 4-day cash winnings total $46,299)

[next game >>]

Jeopardy! Round responses

CRUSTACEANS
PEOPLE
GUINNESS RECORDS
1963
ENCLOSURES
POTPOURRI
    $100 1
a shrimp

Deborah
    $100 2
Paul McCartney

Geoff
    $100 16
knots

Geoff
    $100 29
Mona Lisa

Dennis
    $100 8
the bullpen

Dennis
    $100 4
(model) trains

Geoff
    $200 25
crawfish

Dennis
    $200 17
Amazing

Geoff
    $200 3
Chernobyl

Geoff
    $200 18
Time

Dennis
    $200 6
a coop

Dennis
    $200 12
(Dennis: What is the cemetery at [*]?)

Gettysburg

Dennis
    $300 26
a hermit crab

Deborah
    $300 15
(Geoff: Who is Greta Garbo?)

(Marlene) Dietrich

DennisGeoff
    $300 7
bamboo

Deborah
    $300 30
Jimmy Hoffa

Dennis
    $300 9
the O.K. Corral

Dennis
    $300 13
Woody Woodpecker

Dennis
    $400 27
a lobster

Deborah
    $400 21
Clarence Thomas

Geoff
    $400 5
literature

Geoff
    $400 22
Duvalier

Dennis
    $400 10
a brig

Dennis
    $400 14
Spain

Geoff
    $500 28
krill

Dennis
    $500 24
(Dennis: Who is Agatha Christie?)

P.D. James

DennisDeborah
    $500 20
the Indian Ocean

Geoff
    $500 23
the University of Mississippi (Ole Miss)

Dennis
    $500 11
Old Bailey

Deborah
    $500 19
(Deborah: What is Commerce?)
(Dennis: What is Treasury?)

Transportation

DennisDeborah
Triple Stumper

Scores at the first commercial break (after clue 15):

Dennis Deborah Geoff
$1,800 $900 $900

Scores at the end of the Jeopardy! Round:

Dennis Deborah Geoff
$3,000 $1,600 $2,100

Double Jeopardy! Round responses

ILLINOIS
FAMOUS FIRSTS
BOOKS & AUTHORS
SCULPTORS
EUROPEAN HISTORY
NUTS
    $200 22
the Mississippi

Dennis
    $200 23
Geraldine Ferraro

Geoff
    $200 9
Stephen Crane

Dennis
    $200 18
Remington

Deborah
    $200 2
Belgium

Dennis
    $200 1
pine trees

Geoff
    $400 14
(Deborah: What is Chi... cago?)

Springfield

DeborahGeoff
    $400 25
(Benjamin) Franklin

Dennis
    $400 12
U.S.A.

Deborah
    $400 19
Michelangelo

Dennis
    $400 3
Victoria

Dennis
    $400 7
a pecan

Dennis
    $600 15
John Deere

Geoff
    $600 26
(Deborah: Who is FDR?)

Calvin Coolidge

DeborahGeoff
    $600 13
(Henry) James

Geoff
    $600 20
Rodin

Dennis
    $1,000 4
Romania

Dennis
    $600 8
a pistachio

Geoff
    $800 16
the Black Hawk War

Geoff
    $800 29
Swanson

Dennis
    $800 27
George Sand

Triple Stumper
    $1,000 21
(Dennis: Who is uh... Peter Heard?)
...
(Dennis: I'll remember now.)
[Laughter]

Henry Moore

Dennis
    $800 5
(Vidkun) Quisling

Geoff
    $800 10
(Deborah: What is the peanut?)

a walnut

DennisDeborah
    $1000 17
Ulysses Grant

Geoff
    $1000 30
locomotive

Triple Stumper
    $1000 28
The Virginian

Geoff
    $1000 24
Gutzon Borglum

Geoff
    $1000 6
the Estates-General

Dennis
    $1000 11
a betel nut

Dennis

Scores at the end of the Double Jeopardy! Round:

Dennis Deborah Geoff
$9,400 $400 $9,900

[wagering suggestions for these scores]

Final Jeopardy! Round responses

BUSINESS & INDUSTRY
DeborahWhat is Phillips 66?
$399
DennisWhat is Phillips 66?
$8,599
GeoffWhat is Getty?
$9,000
Phillips 66

Final scores:

Dennis Deborah Geoff
$17,999 $799 $900
5-day champion: $64,298 + Jeopardy! home edition 3rd place: NexStep stair climber + Jeopardy! home edition 2nd place: trip on Delta to Dublin & stay at Conrad Dublin + Jeopardy! home edition

Game dynamics:

Coryat scores:

Dennis Deborah Geoff
$10,000 $400 $9,900
27 R
(including 2 DDs),
3 W
(including 1 DD)
8 R,
4 W
21 R,
1 W

Combined Coryat: $20,300

[game clues] [game scores] [suggest correction]

Game tape date: 1992-08-31
The J! Archive is created by fans, for fans. Scraping, republication, monetization, and malicious use prohibited; this site may use cookies and collect identifying information. See terms. The Jeopardy! game show and all elements thereof, including but not limited to copyright and trademark thereto, are the property of Jeopardy Productions, Inc. and are protected under law. This website is not affiliated with, sponsored by, or operated by Jeopardy Productions, Inc. Join the discussion at JBoard.tv.